| 000 | 01459nam a2200409 c 4500 | ||
|---|---|---|---|
| 001 | 52919 | ||
| 003 | ES-MaCES | ||
| 005 | 20250203133307.0 | ||
| 007 | cr ||||||||||| | ||
| 008 | 231211s2023 sp l o000|||spa | ||
| 017 |
_aNA 1221-2023 _bDL |
||
| 020 | _a9788411637190 | ||
| 020 | _a9788411637213 (electrónico) | ||
| 040 |
_aES-MaCES _bspa _cES-MaCES |
||
| 110 | 1 |
_aEspaña _tLeyes, etc., de la Administración Pública _93096 |
|
| 245 | 1 | 0 |
_aLeyes administrativas _cedición preparada por Luis Martín Rebollo |
| 250 | _a29ª ed | ||
| 260 |
_aCizur Menor (Navarra) _bThomson Reuters-Aranzadi _c2023 |
||
| 300 |
_a2533 p. _c24 cm |
||
| 490 | 1 |
_aColección Códigos básicos Aranzadi _v12 |
|
| 500 | _aPublicación en formato DÚO (papel + libro ectrónico). Disponible en formato electrónico mediante la aplicación PROVIEW | ||
| 500 | _aÍndices | ||
| 541 | _cCompra | ||
| 650 | 4 |
_aadministración pública _927214 |
|
| 650 | 4 |
_aprocedimiento administrativo _930919 |
|
| 650 | 4 |
_afunción pública _927225 |
|
| 650 | 4 |
_aEspaña _926964 |
|
| 650 | 4 |
_alegislación _927153 |
|
| 650 | 4 |
_atexto _929624 |
|
| 653 | 1 | 0 | _aLegislación |
| 700 | 1 |
_aMartín Rebollo, Luis _eed. lit. _918007 |
|
| 775 | 0 |
_tLeyes administrativas _w(ES-MaCES)52522 |
|
| 830 | 0 |
_aColección Códigos básicos Aranzadi _v12 _932116 |
|
| 856 | 4 |
_uhttps://miespacio.aranzadilaley.es/Account/Login _yLegalteca |
|
| 902 | _aLIB Libro | ||
| 942 |
_2CES _cBK _h6.1. |
||
| 999 |
_c52919 _d52919 |
||